Английский язык для аспирантов неязыковых специальностей. Часть 1 (Английский язык для аспирантов ИПР): электронный курс

Detalhes bibliográficos
Autor principal: Матвеенко И. А. Ирина Алексеевна
Autor Corporativo: Национальный исследовательский Томский политехнический университет (ТПУ) Институт природных ресурсов (ИПР) Кафедра иностранных языков (ИЯПР)
Outros Autores: Болсуновская Л. М. Людмила Михайловна, Рыманова И. Е. Ирина Евгеньевна
Resumo:Заглавие с экрана
Модуль Английский язык для аспирантов ИПР (осенний семестр) представлен темами Abstract writing, Research proposal, Motivation letter. Знания, полученные в курсе, способствуют развитию письменного общения в научной сфере, помогут при подаче заявки на исследовательский грант, а также в оформлении документов для обучения в вузах- партнерах.
Доступ по логину и паролю
Idioma:russo
Publicado em: Томск, TPU Moodle, 2015
Assuntos:
Acesso em linha:https://design.lms.tpu.ru/course/view.php?id=731
Formato: MixedMaterials Recurso Electrónico Livro
KOHA link:https://koha.lib.tpu.ru/cgi-bin/koha/opac-detail.pl?biblionumber=665503

MARC

LEADER 00000nlm0a2200000 4500
001 665503
005 20240207093439.0
035 |a (RuTPU)RU\TPU\network\36702 
035 |a RU\TPU\network\17047 
090 |a 665503 
100 |a 20211012d2015 m y0rusy50 ca 
101 0 |a rus 
102 |a RU 
105 |a a j 000zy 
135 |a jrcn ---uucaa 
181 0 |a i  
182 0 |a b 
200 1 |a Английский язык для аспирантов неязыковых специальностей. Часть 1 (Английский язык для аспирантов ИПР)  |e электронный курс  |f И. А. Матвеенко, Л. М. Болсуновская, И. Е. Рыманова  |g Национальный исследовательский Томский политехнический университет (ТПУ), Институт природных ресурсов (ИПР), Кафедра иностранных языков (ИЯПР) 
203 |a Текст  |c электронный 
210 |a Томск  |c TPU Moodle  |d 2015 
300 |a Заглавие с экрана 
330 |a Модуль Английский язык для аспирантов ИПР (осенний семестр) представлен темами Abstract writing, Research proposal, Motivation letter. Знания, полученные в курсе, способствуют развитию письменного общения в научной сфере, помогут при подаче заявки на исследовательский грант, а также в оформлении документов для обучения в вузах- партнерах. 
333 |a Доступ по логину и паролю 
606 1 |a Английский язык  |x Учебные руководства и пособия  |x Учебные руководства и пособия для высшей школы  |2 stltpush  |3 (RuTPU)RU\TPU\subj\29071  |9 52483 
610 1 |a электронный ресурс 
610 1 |a труды учёных ТПУ 
610 1 |a электронное обучение 
610 1 |a электронные курсы ТПУ 
610 1 |a электронные учебные пособия 
610 1 |a учебные пособия 
610 1 |a abstact 
610 1 |a academic writing 
610 1 |a summary 
610 1 |a investigation 
610 1 |a academic mobility 
610 1 |a research proposal 
610 1 |a motivation letter 
686 |a Ш143.21-923  |2 rubbk 
700 1 |a Матвеенко  |b И. А.  |c лингвист  |c профессор Томского политехнического университета, доктор филологических наук  |f 1967-  |g Ирина Алексеевна  |3 (RuTPU)RU\TPU\pers\27693  |9 12767 
701 1 |a Болсуновская  |b Л. М.  |c лингвист  |c доцент Томского политехнического университета, кандидат филологических наук  |f 1966-  |g Людмила Михайловна  |3 (RuTPU)RU\TPU\pers\26830  |9 12449 
701 1 |a Рыманова  |b И. Е.  |c лингвист  |c старший преподаватель Томского политехнического университета  |f 1966-  |g Ирина Евгеньевна  |3 (RuTPU)RU\TPU\pers\24585  |9 10883 
712 0 2 |a Национальный исследовательский Томский политехнический университет (ТПУ)  |b Институт природных ресурсов (ИПР)  |b Кафедра иностранных языков (ИЯПР)  |3 (RuTPU)RU\TPU\col\18662 
801 2 |a RU  |b 63413507  |c 20220414  |g RCR 
856 4 |u https://design.lms.tpu.ru/course/view.php?id=731 
942 |c CF